Birds : (Record no. 112173)
[ view plain ]
| 000 -LEADER | |
|---|---|
| fixed length control field | 00333nam a2200121 a 4500 |
| 005 - DATE AND TIME OF LATEST TRANSACTION | |
| control field | 20140414131929.0 |
| 008 - FIXED-LENGTH DATA ELEMENTS--GENERAL INFORMATION | |
| fixed length control field | 101108s19uu xx 00 eng d |
| 050 ## - LIBRARY OF CONGRESS CALL NUMBER | |
| Classification number | M 598 |
| Item number | B53 2006 |
| 245 ## - TITLE STATEMENT | |
| Title | Birds : |
| Remainder of title | With Winnie the Pooh and his friends. |
| 260 ## - PUBLICATION, DISTRIBUTION, ETC. (IMPRINT) | |
| Name of publisher, distributor, etc | Disney, |
| Date of publication, distribution, etc | 2006. |
| 440 ## - SERIES STATEMENT/ADDED ENTRY--TITLE | |
| Title | My very first look at animals |
| Withdrawn status | Lost status | Damaged status | Home library | Current library | Shelving location | Date acquired | Source of acquisition | Total Checkouts | Full call number | Barcode | Date last seen | Price effective from | Koha item type |
|---|---|---|---|---|---|---|---|---|---|---|---|---|---|
| Munich Library | Munich Library | Main Section | 11/08/2010 | M 598 B53 2006 | M3249 | 04/14/2014 | 04/14/2014 | Books |